000 00653nam a2200193 a 4500
001 000011708
005 20200929162531.0
008 091026s1969 sp 001 p spa d
040 _aDO-SdBNP
_bspa
_cBNPHU
082 _a873.1
_bA655a
100 1 _aApuleyo,
_q(Lucio Apuleyo),
_d124 d.C.-180 d.C.
_927751
245 1 3 _aEl asno de oro :
_bdisputa del asno, /
_cApuleyo, [traductor, Anselmo Turmeda],.
260 _aBarcelona :
_bZeus,
_c1969.
300 _a401, [10] p. ;
_c17 cm.
650 4 _aPoesía épica latina
_927715
650 4 _aLiteratura italiana
_yANTERIOR A 1400
_913826
700 1 _aTurmeda, Anselmo,
_d1355-1423
_etr.
_927752
049 _aBNGR
999 _c11386
_d11386